|
|
|
|
| LEADER |
00000nam0a2200000 4500 |
| 001 |
331831 |
| 005 |
20231102004409.0 |
| 035 |
|
|
|a (RuTPU)RU\TPU\book\357691
|
| 090 |
|
|
|a 331831
|
| 100 |
|
|
|a 20170504d1966 km y0rusy50 ca
|
| 101 |
0 |
|
|a rus
|
| 102 |
|
|
|a RU
|
| 105 |
|
|
|a a z 001zy
|
| 200 |
1 |
|
|a Химия коллекторно-дренажных вод орошаемых территорий Северного Кавказа
|f М. Н. Тарасов [и др.]
|g СССР, Главное управление Гидрометеорологической службы (ГУГМС)
|
| 210 |
|
|
|a Ленинград
|c Гидрометеоиздат
|d 1966
|
| 215 |
|
|
|a 118 с.
|c ил.
|
| 320 |
|
|
|a Библиогр.: с. 113-117
|
| 606 |
1 |
|
|a Оросительные системы
|x Гидрохимия
|2 stltpush
|3 (RuTPU)RU\TPU\subj\47481
|9 66411
|
| 610 |
1 |
|
|a коллекторно-дренажные воды
|
| 610 |
1 |
|
|a химия
|
| 610 |
1 |
|
|a орошаемые территории
|
| 610 |
1 |
|
|a Северный Кавказ
|
| 610 |
1 |
|
|a исследования
|
| 610 |
1 |
|
|a оросительные системы
|
| 610 |
1 |
|
|a химический состав
|
| 610 |
1 |
|
|a сбросные воды
|
| 610 |
1 |
|
|a водный баланс
|
| 610 |
1 |
|
|a солевой баланс
|
| 610 |
1 |
|
|a гидрохимический режим
|
| 610 |
1 |
|
|a реки
|
| 675 |
|
|
|a 626.81/.84
|v 4
|
| 701 |
|
1 |
|a Тарасов
|b М. Н.
|g Михаил Николаевич
|
| 701 |
|
1 |
|a Королев
|b И. А.
|g Иван Арсентьевич
|
| 701 |
|
1 |
|a Лапшина
|b Т. П.
|g Тамилла Павловна
|
| 701 |
|
1 |
|a Кобилева
|b Э. А.
|g Элеонора Александровна
|
| 701 |
|
1 |
|a Захарова
|b В. В.
|g Валентина Васильевна
|
| 712 |
0 |
1 |
|a СССР
|b Главное управление Гидрометеорологической службы (ГУГМС)
|c (Москва)
|c (1936-1978)
|2 stltpush
|3 (RuTPU)RU\TPU\col\7663
|
| 801 |
|
1 |
|a RU
|b 63413507
|c 20170504
|
| 801 |
|
2 |
|a RU
|b 63413507
|c 20220603
|g RCR
|
| 942 |
|
|
|c BK
|